| 000 | 00561nam a2200193Ia 4500 | ||
|---|---|---|---|
| 008 | 131103s9999 xx 000 0 und d | ||
| 040 | _aLoreto College | ||
| 041 | _aEnglish | ||
| 082 |
_a954/MAJ _bLCBkB/542 |
||
| 100 | _aMajumdar, R.C. | ||
| 245 | 3 |
_aAn advanced history of India _cR.C.Majumdar [et.al] |
|
| 260 |
_aLondon _bMacmillan _c1965 |
||
| 300 |
_axi,295 p. _b a map _c 21 cm. |
||
| 504 | _aIncludes genealogical tables,bibliography and index | ||
| 650 | _aIndian History | ||
| 700 | _aRaychauduri, H.C. | ||
| 850 | _aLCBkB/954/MAJ | ||
| 942 | _cBK | ||
| 999 |
_c35099 _d85578 |
||